000 00230nam a22000857a 4500
008 170112b xxu||||| |||| 00| 0 eng d
100 _92365
_aAsian Publication
245 _aExplore: G. K -5
260 _aNew Delhi
_bAsian Publication
_c2007
999 _c5337
_d5337